000 00494nas a2200169u| 4500
001 000001301
005 20200929145533.0
008 810114m1898 fr fre
010 _aunk80007551
040 _aDO-SdBNP
_bspa
_cBNPHU
245 0 0 _aAlmanach Hachette;.
260 _aParis,
_c1898-.
300 _ap. cm.
310 _aUnknown
590 _aPREMARC/SERLOC merged record
890 _aAlmanach Hachette; petite encyclopedie populaire de la vie pratique. Edition simple.
_isv90-15980
999 _c1239
_d1239